Personnages de Twilight en images - Statistiques

Statistiques générales
  • Ce quiz a été pris 1 200 fois
  • Le résultat moyen est 14 sur 21
Statistiques - réponses
Par images Hint Réponse % Correct
Bella Swan
100%
Edward Cullen
98%
Jacob Black
96%
Alice Cullen
88%
Elle apparaît dans le 4ème film Renesmée Cullen
85%
Charlie Swan
82%
Jasper Hale
82%
Rosalie Hale
80%
Emmett Cullen
73%
Esmée Cullen
72%
Victoria
71%
Carlisle Cullen
65%
Jessica Stanley
61%
Il apparaît dans le 2ème film Aro
58%
James
57%
Laurent
56%
Sam Uley
51%
Mike Newton
46%
Nommez une de ces 4 personnes de la Tribu Quileute Paul Lahote | Jared Cameron | Embry Call | Quil Ateara
39%
Emily Young
37%
Angela Weber
36%
Aucun quiz correspondant
Distribution des résultats
% des personnes avec chaque résultat
Percentile par nombre de réponses
Votre historique - résultats
Vous n’avez pas pris ce quiz